000 01199cam a22002891i 4500
003 SA-RiAUC
005 20250216065709.0
008 250215s2008 ua f b 000 0 ara c
020 _a1905650163
040 _aEG-CaDAJ
_bara
_cSA-RiAUC
_erda
082 0 4 _a251.15
_qSA-RiAUC
090 _a251.15
_bم ق ا
245 0 0 _aمقاصد الشريعة والاجتهاد :
_bبحوث منهجية ونماذج تطبيقية /
_cتحرير جاسر عودة ؛ تقديم أحمد زكي يماني.
250 _aالطبعة الأولى.
264 1 _aالقاهرة :
_bمؤسسة الفرقان للتراث الإسلامي،
_c2008
300 _a265 صفحة ؛
_c24 سم
336 _aنص
_btxt
_2rdacontent
_3كتاب
337 _aبدون وسيط
_bn
_2rdamedia
338 _aمجلد
_bnc
_2rdacarrier
504 _aيشتمل على إرجاعات ببليوجرافية.
650 7 _aالاجتهاد (أصول فقه)
_xبحوث
_2aucsh
650 7 _aمقاصد الشريعة
_2aucsh
700 1 _aعودة، جاسر،
_d1966-
_eمحرر.
700 1 _aيماني، أحمد زكي،
_d1349 هجري-
_eمقدم.
942 _2ddc
_cBOOK
_n0
949 _aSA-JeALM
_d250215
_uosman123
_n1
999 _c5968
_d5968